Infection and immunity (Record no. 589227)

000 -LEADER
fixed length control field 00377nam a22001337a 4500
020 ## - INTERNATIONAL STANDARD BOOK NUMBER
International Standard Book Number 9780199560882
082 ## - DEWEY DECIMAL CLASSIFICATION NUMBER
Classification number 616.079
100 ## - MAIN ENTRY--PERSONAL NAME
Personal name Playfair, J. H. L.; Bancroft, Gregory J.
245 ## - TITLE STATEMENT
Title Infection and immunity
Statement of responsibility, etc. Playfair, J. H. L.; Bancroft, Gregory J.
260 ## - PUBLICATION, DISTRIBUTION, ETC.
Place of publication, distribution, etc. New York
Name of publisher, distributor, etc. Oxford University Press
Date of publication, distribution, etc. 2008
300 ## - PHYSICAL DESCRIPTION
Extent 341p
563 ## - BINDING INFORMATION
Binding note P.B
942 ## - ADDED ENTRY ELEMENTS (KOHA)
Source of classification or shelving scheme
Koha item type Book
Holdings
Withdrawn status Lost status Source of classification or shelving scheme Damaged status Not for loan Permanent Location Current Location Date acquired Total Checkouts Full call number Barcode Date last seen Price effective from Koha item type
          Central Library (CL) Central Library (CL) 04/19/2022   616.079 PLA CL-D-1683 04/19/2022 04/19/2022 Book
© 2023 Central Library, National University of Sciences and Technology. All Rights Reserved.